000 00623nam a2200193 i 4500
001 26035
003 ES-MaACL
005 20250829055119.0
007 t|
008 030107s1969 sp |||| |bspa d
100 1 _aArteche, José de.
_923442
245 1 0 _aElcano /
_cJosé de Arteche.
260 _aSan Sebastián :
_bSociedad Guipuzcoana de Ediciones y Publicaciones,
_c[1969]
300 _a281 p. :
_b1 plan. pleg. ;
_c20 cm.
600 1 4 _aElcano, Juan Sebastián de,
_dca. 1476-1526
_9126923
650 0 4 _aViajes alrededor del mundo-
_yS.XVI.
_917781
852 _aES-MaACL
_jC-39805
999 _c26035
_d26035